|
|
|
|
| LEADER |
00000nas a2200000 a 4500 |
| 001 |
ssj0001000190 |
| 003 |
WaSeSS |
| 005 |
20200512172242.0 |
| 006 |
m d |
| 007 |
cr n |
| 008 |
890607d19882016xnaar p s o 0 0eng c |
| 010 |
|
|
|a 94644380
|z sn 89032818
|
| 016 |
7 |
|
|a 009831613
|2 Uk
|
| 022 |
|
|
|l 1032-3686
|y 1032-3686
|
| 035 |
|
|
|a (WaSeSS)ssj0001000190
|
| 037 |
|
|
|b Macquarie Ancient History Association, School of History, Philosophy, and Politics, Macquarie University, NSW 2109
|
| 040 |
|
|
|a IXA
|b eng
|c IXA
|d CRL
|d NST
|d IUL
|d DLC
|d IUL
|d SYS
|d OCLCQ
|d IUL
|d OCLCQ
|d SERSO
|d OCLCF
|d OCLCO
|d HLS
|d UKMGB
|d WaSeSS
|
| 042 |
|
|
|a pcc
|
| 050 |
0 |
0 |
|a D51
|b .A49
|
| 082 |
0 |
0 |
|a 930/.005
|2 20
|
| 210 |
1 |
|
|a Anc. hist.
|b (North Ryde)
|
| 222 |
|
0 |
|a Ancient history
|b (North Ryde)
|
| 245 |
0 |
0 |
|a Ancient history
|h [electronic resource] :
|b resources for teachers.
|
| 246 |
1 |
4 |
|a Ancient history resources for teachers
|
| 260 |
|
|
|a [Sydney, Australia] :
|b Macquarie Ancient History Association,
|c [c1988-
|
| 310 |
|
|
|a Annual
|
| 321 |
|
|
|a Semiannual,
|b 1994-
|
| 321 |
|
|
|a Three issues a year,
|b 1988-1993
|
| 362 |
0 |
|
|a Vol. 18, no. 1-
|
| 362 |
1 |
|
|a Ceased with: Vol. 46 (2016).
|
| 506 |
|
|
|a License restrictions may limit access.
|
| 588 |
|
|
|a Latest issue consulted: Vol. 46 (2016).
|
| 650 |
|
0 |
|a History, Ancient
|v Periodicals.
|
| 650 |
|
0 |
|a History, Ancient
|x Study and teaching
|v Periodicals.
|
| 650 |
|
7 |
|a History, Ancient.
|2 fast
|0 (OCoLC)fst00958352
|
| 650 |
|
7 |
|a History, Ancient
|x Study and teaching.
|2 fast
|0 (OCoLC)fst00958361
|
| 655 |
|
0 |
|a Electronic journals.
|
| 710 |
2 |
|
|a Macquarie Ancient History Association.
|
| 780 |
0 |
0 |
|t Ancient society
|w (DLC)sn 89032819
|w (OCoLC)7231692
|
| 850 |
|
|
|a DLC
|a ICRL
|a InU
|a MBU
|a TxU
|
| 853 |
0 |
3 |
|8 1
|a v.
|b no.
|i (year)
|
| 856 |
4 |
0 |
|z Full text available from Research Library: 07/01/2008 to 01/31/2016
|u https://search.proquest.com/publication/1216335
|
| 863 |
4 |
0 |
|8 1
|a <18>-
|i <1988>-
|x provisional
|